00776nam a2200205Ia 4500003000900000008004100009040001600050080002500066110003300091245014300124260005000267300000800317500002800325650003300353650001800386650002100404942000700425999001500432952012300447IN-BaIIA211028s9999 xx 000 0 eng d cIIA Library a083.7:621.822.7bISI aIndian Standards Institution 0aIndian standard methods of evaluating dynamic load rating of rolling bearingsbpt. 4, thrust roller bearingscIndian Standards Institution aNew DelhibIndian Standards Institutionc1967 a6p. aIS 3824 : Part 4 : 1966 a Bearings - standards99130 a Standards  aNASA thesaurus  cBK c5138d5138 00104070aBANbBANcGENd1976-12-22g5.00l0o083.7:621.822.7/ ISIp5738r2021-11-05v5.00w1976-12-22yBKGRs. 5.00